000 00461nam a2200157Ia 4500
008 240729s9999 xx 000 0 und d
022 _a2398-7294
245 0 _aInternational Journal of Crowd Science
260 _aChina
260 _bTsinghua University Press
650 _a Engineering (General). Civil engineering (General)
650 _aTechnology
856 _uhttps://doaj.org/toc/c6d16f1a60294d84b830aeff7102abcb
942 _2ddc
942 _cDOAJEJ
999 _c73043
_d73043
945 _a1
_bMadushi Gamage
_c1
_dMadushi Gamage